National accounts of OECD countries general government accounts

Salvato in:
Dettagli Bibliografici
Natura: Libro
Lingua:inglese
Pubblicazione: Paris OECD 2011
Soggetti:
Tags: Aggiungi Tag
Nessun Tag, puoi essere il primo ad aggiungerne!!

MARC

LEADER 00000nam a2200000 4500
001 0143195
005 20221108071322.7
020 |a 978-92-64-10132-6 
022 |a 1992-8793 
041 0 |a eng 
044 |a FR 
245 1 0 |a National accounts of OECD countries  |b general government accounts 
264 1 |a Paris  |b OECD  |c 2011 
300 |a 259 s. 
610 2 0 |a účty národné 
610 2 0 |a účtovníctvo národné 
610 2 0 |a porovnanie štatistické medzinárodné 
610 2 0 |a údaje štatistické medzinárodné 
610 2 0 |a dane 
610 2 0 |a výdavky verejné 
610 2 0 |a výdavky rozpočtu štátneho